15 letters of the alphabet for kids - Statistics

General Stats
  • This quiz has been taken 19 times
  • The average score is 12 of 15
Answer Stats
Hint Answer % Correct
1st Ay
100%
2nd Bee
94%
3rd Cee
94%
4th Dee
94%
6th eF
94%
5th Eee
88%
7th Gee
88%
12th eL
81%
10th Jay
81%
13th eM
75%
14th eN
75%
9th eye
75%
11th Kay
75%
15th Oh
63%
8th acH
56%
No matching quizzes found
Score Distribution
Percent of People with Each Score
Percentile by Number Answered
Your Score History
You have not taken this quiz